000 00366nam a2200145Ia 4500
008 230312s9999||||xx |||||||||||||| ||und||
020 _a0-07-06621-9-3
082 _a330.0151
_bCHI-F
100 _aChiang, Alpha C
245 0 _aFundamental Methods of Mathematical Economics
260 _bPearson
_aLondon
_c1984
300 _a788
650 _aEconomics
942 _cBK
999 _c1055
_d1055